| 000 | 00872nam a2200265Ia 4500 | ||
|---|---|---|---|
| 003 | GCL | ||
| 005 | 20240530095404.0 | ||
| 008 | 140319s9999 xx 000 0 ara d | ||
| 040 |
_aGCL / _cGCL |
||
| 082 | 0 | 4 |
_a050 _bد/د هـ |
| 245 | 1 | 0 | _aالهلال مايو 2001 : قاهرة مطلع القرن العشرين |
| 260 |
_aالقاهرة : _bدار الهلال للطباعة والنشر ، _c2001 |
||
| 650 | 0 | 4 | _aالقصة القصيرة |
| 650 | 0 | 4 | _aالمسرحية |
| 650 | 0 | 4 | _aالسينما |
| 650 | 0 | 4 | _aالفنون التشكيلية |
| 650 | 0 | 4 | _aالحوادث |
| 650 | 0 | 4 | _aجامعة الدول العربية |
| 650 | 0 | 4 | _aعمان |
| 650 | 0 | 4 | _aالعولمة |
| 650 | 0 | 4 | _aالإنترنت |
| 650 | 0 | 4 | _aاسرائيل - العلاقات الخارجية |
| 650 | 0 | 4 | _aالمرأة - احوال اجتماعية |
| 942 |
_2ddc _cCR |
||
| 999 |
_c6752 _d6752 |
||